[Event "Berlin op"]
[Site "Berlin-West"]
[Date "1986.??.??"]
[Round "?"]
[White "Rogers, Ian"]
[Black "Dizdar, Goran"]
[Result "1-0"]
[WhiteElo "2515"]
[BlackElo "2475"]

1.e4 e6 2.d4 d5 3.Nc3 Bb4 4.e5 b6 5.a3 Bf8 6.Bb5+ c6 7.Ba4 Ne7 8.Nce2 Nf5
9.c3 Be7 10.Nf3 a5 11.O-O h5 12.h3 Ba6 13.Re1 g6 14.g4 Nh4 15.Nxh4 Bxh4 16.Ng3 hxg4
17.hxg4 Kd7 18.Kg2 Kc7 19.Qf3 Qe7 20.Bf4 Nd7 21.Rac1 Bxg3 22.fxg3 Bc4 23.Bc2 a4
24.Rh1 b5 25.Qe3 Rag8 26.Bg5 Qe8 27.Rh4 Kb6 28.Rch1 Rf8 29.Rxh8 Rxh8 30.Rh4 Qf8
31.Qf4 Be2 32.Kf2 Bc4 33.Ke3 Bb3 34.Bb1 Bd1 35.Kd2 Bb3 36.Bh6 Qe7 37.Bg5 Qf8
38.Ke1 Ka6 39.Bf6 Rg8 40.Rh7 c5 41.Bg5 cxd4 42.cxd4 Qc8 43.Qxf7 Nb6 44.Qa7+  1-0

[Event "Budapest Spring op"]
[Site "Budapest"]
[Date "1986.??.??"]
[Round "?"]
[White "Steil, Jochen Jacob"]
[Black "Farago, Ivan"]
[Result "0-1"]
[WhiteElo "2335"]
[BlackElo "2520"]

1.e4 e6 2.d4 d5 3.Nc3 Bb4 4.e5 Ne7 5.a3 Bxc3+ 6.bxc3 c5 7.Qg4 Qc7 8.Qxg7 Rg8
9.Qxh7 cxd4 10.Kd1 Nbc6 11.Nf3 dxc3 12.Bf4 Qb6 13.Be3 Qb2 14.Rc1 Bd7 15.h4 O-O-O
16.Bd3 Nf5 17.Bxf5 exf5 18.Qxf7 Rgf8 19.Qg6 d4 20.Bg5 d3 21.cxd3 Ne7 22.Qh6 Bb5
23.Bd2 Kb8 24.Rxc3 Nd5 25.Rc1 Qb3+  0-1

[Event "Calcutta"]
[Site "Calcutta"]
[Date "1986.??.??"]
[Round "?"]
[White "Tseshkovsky, Vitaly"]
[Black "Ravikumar, Vaidyanathan"]
[Result "1-0"]
[WhiteElo "2455"]
[BlackElo "2370"]

1.e4 e6 2.d4 d5 3.Nc3 Bb4 4.e5 Qd7 5.Bd3 b6 6.Qg4 Bf8 7.Nf3 Ba6 8.Bxa6 Nxa6
9.O-O Ne7 10.Nd1 Nf5 11.Ne3 h6 12.Qh3 Be7 13.Nxf5 exf5 14.e6 Qxe6 15.Re1 Qd6
16.Qxf5 O-O 17.Bf4 Qd8 18.Ne5 Nb8 19.Re3 Bg5 20.Bxg5 Qxg5 21.Qd3 Qd8 22.Rg3 Qd6
23.Qf5 Qe6 24.Qxe6 fxe6 25.Rc3 Na6 26.Nc6 Rfe8 27.Re1 e5 28.Rxe5 Rxe5 29.dxe5 Re8
30.f3 Nc5 31.b4 Nd7 32.f4 a5 33.bxa5 bxa5 34.f5 Nb6 35.e6 Nc4 36.Rd3 g6 37.g4 h5
38.h3 hxg4 39.hxg4 Kg7 40.Rxd5 gxf5 41.gxf5 Kf6 42.Nd4 Rg8+ 43.Kf2 Rg4 44.c3 Rf4+
45.Ke2 a4 46.Rc5 Nd6 47.Rxc7 Rxd4 48.cxd4 Nxf5 49.d5  1-0

[Event "Dubai ol (Men)"]
[Site "Dubai"]
[Date "1986.??.??"]
[Round "14"]
[White "Jadoul, Michel"]
[Black "Hon Kah Seng, Christie"]
[Result "0-1"]
[WhiteElo "2365"]
[BlackElo "2215"]

1.e4 e6 2.d4 d5 3.Nc3 Bb4 4.e5 Qd7 5.Ne2 b6 6.Nf4 Ba6 7.Bxa6 Nxa6 8.Qg4 g6
9.O-O Ne7 10.Qe2 Bxc3 11.bxc3 Qa4 12.Nd3 Qc4 13.Qd2 Nb8 14.a4 Nbc6 15.Ba3 h6
16.Nb2 Qa6 17.Rfe1 Nf5 18.g4 Nfe7 19.Qf4 Rh7 20.Qf6 Ng8 21.Qh4 Qc8 22.f4 Qd8
23.Qxd8+ Rxd8 24.Kg2 h5 25.h3 Nh6 26.Kf3 Kd7 27.Nd1 Na5 28.Ne3 a6 29.Bb4 Nc4
30.Nxc4 dxc4 31.a5 b5 32.Rh1 Rdh8 33.Rad1 Kc6 34.Rhg1 Kd5 35.Kg3  0-1

[Event "Wch U20"]
[Site "Gausdal"]
[Date "1986.??.??"]
[Round "4"]
[White "Hellers, Ferdinand"]
[Black "Arencibia, Walter"]
[Result "1-0"]
[WhiteElo "2440"]
[BlackElo "2335"]

1.e4 e6 2.d4 d5 3.Nc3 Bb4 4.e5 Ne7 5.a3 Bxc3+ 6.bxc3 c5 7.Qg4 O-O 8.Nf3 f5
9.exf6 Rxf6 10.Bg5 Qa5 11.Bxf6 Qxc3+ 12.Ke2 Ng6 13.Rc1 gxf6 14.h4 Nc6 15.h5 e5
16.Qg3 e4 17.hxg6 exf3+ 18.Kd1 Qxd4+ 19.Bd3 Bf5 20.Rh4 Qe5 21.gxh7+ Kh8 22.Qxe5 Nxe5
23.Bxf5 fxg2 24.Ke2 Re8 25.Rh5 c4 26.Rg1 Nd3+ 27.Kf3 Ne1+ 28.Kg3 d4 29.Rh4  1-0

[Event "EU-ch U20"]
[Site "Groningen"]
[Date "1986.??.??"]
[Round "?"]
[White "Dedes, Nikolaos"]
[Black "Wessman, Richard"]
[Result "1/2-1/2"]
[WhiteElo "2245"]
[BlackElo "2250"]

1.e4 e6 2.d4 d5 3.Nc3 Bb4 4.e5 Qd7 5.Qg4 f5 6.Qg3 b6 7.a3 Bxc3+ 8.bxc3 Ba6
9.Bxa6 Nxa6 10.a4 Nb8 11.a5 Nc6 12.axb6 cxb6 13.Ne2 Na5 14.Nf4 O-O-O 15.O-O Nc4
16.h4 g6 17.Qg5 Re8 18.g3 Ne7 19.Qf6 Nc6 20.Kg2 Kb7 21.h5 Rhg8 22.hxg6 hxg6
23.Qg5 Re7 24.Nh5 Qd8 25.Nf6 Rgg7 26.Rh1  1/2-1/2

[Event "EU-ch U20"]
[Site "Groningen"]
[Date "1986.??.??"]
[Round "?"]
[White "Wessman, Richard"]
[Black "McDonald, Neil R"]
[Result "0-1"]
[WhiteElo "2250"]
[BlackElo "2495"]

1.e4 e6 2.d4 d5 3.Nc3 Bb4 4.e5 Ne7 5.Nf3 c5 6.a3 Bxc3+ 7.bxc3 Nbc6 8.a4 Qa5
9.Bd2 Bd7 10.Be2 f6 11.c4 Qc7 12.cxd5 Nxd5 13.c4 Nde7 14.exf6 gxf6 15.Bc3 O-O-O
16.d5 exd5 17.cxd5 Bg4 18.Bxf6 Rxd5 19.Qc2 Rf8 20.Bc3 Ng6 21.O-O Rh5 22.Ne5 Bxe2
23.Qxe2 Rxe5 24.Bxe5 Ncxe5 25.Rfe1 Qg7 26.Rec1 Kb8 27.Ra3 c4 28.Rg3 Qc7 29.Qe4 Qb6
30.Re3 Nd3 31.Rf1 Nge5 32.Qxh7 a6 33.Qe4 Rf4 34.Qxf4 Nxf4 35.Rxe5 Qc6 36.f3 c3
37.g3 Nd3 38.Re3 Qc5  0-1

[Event "EU-ch U20"]
[Site "Groningen"]
[Date "1986.??.??"]
[Round "?"]
[White "Blatny, Pavel"]
[Black "McDonald, Neil R"]
[Result "0-1"]
[WhiteElo "2410"]
[BlackElo "2495"]

1.e4 e6 2.d4 d5 3.Nc3 Bb4 4.e5 Ne7 5.a3 Bxc3+ 6.bxc3 c5 7.Qg4 O-O 8.Nf3 Nbc6
9.Bd3 f5 10.exf6 Rxf6 11.Bg5 Rf7 12.Qh4 h6 13.Bxe7 Qxe7 14.Qg3 c4 15.Bg6 Rf6
16.O-O Bd7 17.Ne5 Nxe5 18.dxe5 Rff8 19.f4 Rac8 20.Qe3 b6 21.Qd4 Qh4 22.Rae1 Be8
23.Bxe8 Rcxe8 24.Re3 Qe7 25.a4 Qa3 26.f5 Qxa4 27.f6 Qxc2 28.Rg3 Rf7 29.Qh4 Kh7
30.Rg4 a5 31.h3 a4 32.Rf3 g5 33.Qe1 a3 34.Rf2 Qb3 35.h4 a2 36.Rxa2 Qxa2 37.hxg5 Rg8
38.Qh4 Rg6 39.Qh3 Qb1+ 40.Kh2 Qf5 41.Qh5 Qxe5+ 42.Kh3 Qxc3+ 43.g3 Qf3  0-1

[Event "EU-ch U20"]
[Site "Groningen"]
[Date "1986.??.??"]
[Round "?"]
[White "Gdanski, Jacek"]
[Black "McDonald, Neil R"]
[Result "0-1"]
[WhiteElo "2290"]
[BlackElo "2495"]

1.e4 e6 2.d4 d5 3.Nc3 Bb4 4.e5 Ne7 5.a3 Bxc3+ 6.bxc3 c5 7.Qg4 O-O 8.Nf3 Nbc6
9.Bd3 f5 10.exf6 Rxf6 11.Bg5 Rf7 12.Qh5 g6 13.Qh4 c4 14.Be2 Qa5 15.Bd2 Nf5
16.Qg5 Bd7 17.Ne5 Nxe5 18.dxe5 Ba4 19.Rc1 Bc6 20.h4 Raf8 21.h5 Rg7 22.g4 d4
23.h6 Rd7 24.Rh3 Ne3 25.cxd4 Ng2+ 26.Kf1 Qd5 27.f3 Qxd4 28.Rd1 Qe4 29.Rg3 Qxc2
30.Kxg2 c3 31.Rc1 Qxd2 32.Qxd2 Rxd2 33.Kf1 c2 34.Ke1 Rfd8 35.Rg1 Ba4 36.Kf2 Rd1
37.Bxd1 cxd1=Q 38.Rgxd1 Bxd1 39.Rc7 Rf8 40.Rg7+ Kh8  0-1

[Event "Hamburg-ch"]
[Site "Hamburg"]
[Date "1986.??.??"]
[Round "?"]
[White "Fette, Martin"]
[Black "Becker, N."]
[Result "1-0"]
[WhiteElo "2320"]
[BlackElo "2205"]

1.e4 e6 2.d4 d5 3.Nc3 Bb4 4.e5 Qd7 5.Qg4 f5 6.Qg3 b6 7.Nh3 Nc6 8.Bb5 Bb7
9.a3 Bf8 10.Ne2 a6 11.Bd3 Nge7 12.Nhf4 O-O-O 13.O-O Kb8 14.b4 Na7 15.Be3 Rg8
16.h4 g6 17.c4 h6 18.cxd5 exd5 19.Nh3 Nec8 20.Rfc1 b5 21.h5 g5 22.e6 Qg7
23.Bxf5 Bd6 24.Qg4 Ne7 25.Bd3 Qf6 26.Re1 Bc8 27.Ng3 Bxe6 28.Bxg5 Rxg5 29.Qxe6 Qxe6
30.Rxe6 Rg4 31.Nf5 Nxf5 32.Bxf5 Rxd4 33.Rxh6 Nc6 34.Re1 Rd2 35.Rg6 Rh8 36.h6 Ne7
37.Rxd6 Nxf5 38.Rxa6 Rxh6 39.Rxh6 Nxh6 40.Nf4 d4 41.f3 Nf5 42.Re5 Nd6 43.Rd5 Kc8
44.g4 Kd7 45.g5 Ke7 46.Re5+ Kf8 47.g6 d3 48.Rd5 Rd1+ 49.Kf2 d2 50.Ke2 Ra1
51.Rxd2 Rxa3 52.Ne6+ Ke7 53.Nxc7 Nc4 54.Nxb5  1-0

[Event "Havana-A"]
[Site "Havana"]
[Date "1986.??.??"]
[Round "?"]
[White "Diaz, Joaquin C"]
[Black "Huerta, Ramon"]
[Result "1-0"]
[WhiteElo "2365"]
[BlackElo "2355"]

1.e4 e6 2.d4 d5 3.Nc3 Bb4 4.e5 Ne7 5.Qg4 c5 6.Nf3 Nbc6 7.a3 Qa5 8.Bd2 cxd4
9.axb4 Qxa1+ 10.Nd1 Nf5 11.Bd3 Nce7 12.O-O Qa4 13.b5 h5 14.Qf4 Ng6 15.Qg5 Bd7
16.b3 Qa3 17.Bxf5 exf5 18.e6 Bxe6 19.Nxd4 Ne7 20.Qxg7 Kd7 21.Bf4 Rhg8 22.Qe5 Rac8
23.Qe3 Rg6 24.Nc3 Rg4 25.Nce2 h4 26.Bg5 Rg8 27.f4 h3 28.Qxh3 f6 29.Qe3 Bf7
30.h3 R4xg5 31.fxg5 Rxg5 32.Nf4 Qd6 33.Nf3 Rg8 34.Rd1 Qc7 35.Nd4 Rc8 36.c4 Qd6
37.Nf3 Qc5 38.Rd4 b6 39.Kh1 Rc7 40.Nh4 Qd6 41.Qg3 Kc8 42.Qg7 Qc5 43.Qxf6 Kb7
44.Nf3 Ng8 45.Qxf5 dxc4 46.Qe4+ Kb8 47.Ne6 Nf6 48.Rd8+ Rc8 49.Qf4+  1-0

[Event "Havana-B"]
[Site "Havana"]
[Date "1986.??.??"]
[Round "?"]
[White "Sieiro Gonzalez, Luis"]
[Black "Lebredo, Gerardo"]
[Result "1/2-1/2"]
[WhiteElo "2365"]
[BlackElo "2390"]

1.e4 e6 2.d4 d5 3.Nc3 Bb4 4.e5 b6 5.Bd2 Bf8 6.Nf3 Ne7 7.Be2 Qd7 8.O-O Ba6
9.Bxa6 Nxa6 10.Ne2 c5 11.c3 Nc6  1/2-1/2

[Event "Havana-B"]
[Site "Havana"]
[Date "1986.??.??"]
[Round "?"]
[White "Garcia Martinez, Silvino"]
[Black "Vilela, Jose Luis"]
[Result "1/2-1/2"]
[WhiteElo "2455"]
[BlackElo "2410"]

1.e4 e6 2.d4 d5 3.Nc3 Bb4 4.e5 Ne7 5.a3 Bxc3+ 6.bxc3 c5 7.Nf3 Bd7 8.a4 Qa5
9.Bd2 Nbc6 10.Bb5 c4 11.O-O f6 12.Re1 f5 13.Qc1 h6 14.h4 O-O-O 15.Qa3 Be8
16.Reb1 Rg8 17.Ra2 Bh5 18.Nh2 g5 19.hxg5 hxg5 20.Bxc6 Nxc6 21.Rb5 Qc7 22.a5 f4
23.Rab2 Rg7 24.Qc5 Rf7 25.f3 Rg7 26.Rxb7 Qxb7 27.Rxb7 Kxb7 28.a6+ Kc7 29.Ng4 Bxg4
30.fxg4 Rgd7 31.Bc1 Rb8 32.Ba3 Rb6 33.Qf8 Nd8 34.Bd6+ Kc8 35.Be7 Rxa6 36.Bxg5 Ra1+
37.Kf2 Ra2 38.Be7 Rxc2+ 39.Kg1 Rxc3 40.g5 Rc1+ 41.Kh2 c3 42.g6  1/2-1/2

[Event "HUN-ch"]
[Site "?"]
[Date "1986.??.??"]
[Round "?"]
[White "Perenyi, Bela"]
[Black "Portisch, Ferenc"]
[Result "1-0"]
[WhiteElo "2415"]
[BlackElo "2420"]

1.e4 e6 2.d4 d5 3.Nc3 Bb4 4.e5 Ne7 5.a3 Bxc3+ 6.bxc3 c5 7.Qg4 Qc7 8.Bd3 cxd4
9.Ne2 dxc3 10.Qxg7 Rg8 11.Qxh7 Nd7 12.Bf4 Nf8 13.Qh5 Nfg6 14.Bg3 Bd7 15.O-O Qc5
16.Qf3 Rc8 17.Rab1 b6 18.Rb4 Nf5 19.Bxf5 exf5 20.Rd1 Be6 21.Nd4 Ne7 22.Nb5 Kd7
23.Nd6 Rc7 24.Rb5 Qxa3 25.Bh4 Qa4 26.Nxf5 Qxb5 27.Nxe7 Qc4 28.Nxg8 Qxh4 29.Rxd5+ Kc8
30.Rd4  1-0

[Event "URS-FL"]
[Site "Irkutsk"]
[Date "1986.??.??"]
[Round "?"]
[White "Balashov, Yuri S"]
[Black "Dolmatov, Sergey"]
[Result "1/2-1/2"]
[WhiteElo "2530"]
[BlackElo "2510"]

1.e4 e6 2.d4 d5 3.Nc3 Bb4 4.e5 Ne7 5.a3 Bxc3+ 6.bxc3 c5 7.Qg4 O-O 8.Nf3 Nbc6
9.Bd3 f5 10.exf6 Rxf6 11.Bg5 Rf7 12.Qh4 h6 13.Bxe7 Qxe7 14.Qxe7 Rxe7 15.dxc5 Bd7
16.O-O Rc8 17.Rfe1 Na5 18.Ne5 Be8 19.c4 dxc4 20.Nxc4 Rxc5 21.Nd6 Kf8 22.h4 Rd5
23.Nxe8 Kxe8 24.Re4 e5 25.Rb1  1/2-1/2

[Event "DSV-Turnier"]
[Site "Leipzig"]
[Date "1986.??.??"]
[Round "5"]
[White "Hazai, Laszlo"]
[Black "Casper, Thomas"]
[Result "1/2-1/2"]
[WhiteElo "2480"]
[BlackElo "2430"]

1.e4 e6 2.d4 d5 3.Nc3 Bb4 4.e5 Ne7 5.a3 Bxc3+ 6.bxc3 c5 7.Qg4 O-O 8.Nf3 Nbc6
9.Bd3 f5 10.exf6 Rxf6 11.Bg5 Rf7 12.Bxe7 Rxe7 13.Qh4 h6 14.O-O Rf7 15.Qxd8+ Nxd8
16.Ne5 Rc7 17.f4 Nf7 18.Rae1 cxd4 19.cxd4 Nxe5 20.dxe5 Bd7 21.f5 a6 22.f6 Bb5
23.fxg7 Bxd3 24.cxd3 Kxg7 25.Rf6 Rf8 26.Rxe6 Rc3 27.Rd6 Rxd3 28.Rd7+ Kg6
29.Rxb7 Rxa3 30.Rb6+ Kg7 31.e6 d4 32.e7  1/2-1/2

[Event "BKL-Turnier"]
[Site "Leipzig"]
[Date "1986.??.??"]
[Round "6"]
[White "Schoeneberg, Manfred"]
[Black "Tischbierek, Raj"]
[Result "1-0"]
[WhiteElo "2360"]
[BlackElo "2465"]

1.e4 e6 2.d4 d5 3.Nc3 Bb4 4.e5 Ne7 5.a3 Bxc3+ 6.bxc3 c5 7.Nf3 Bd7 8.a4 Qa5
9.Bd2 Nbc6 10.Qb1 Qc7 11.Bd3 c4 12.Be2 f6 13.Bf4 Ng6 14.Bg3 fxe5 15.dxe5 Qa5
16.O-O Qxc3 17.Qxb7 Rb8 18.Qc7 Qxc2 19.Nd4 Nxd4 20.Qxb8+ Kf7 21.Qxa7 Nxe2+
22.Kh1 Rd8 23.a5 d4 24.a6 Qe4 25.Qc7 Ke8 26.a7 Bc6 27.f3 Qd5 28.Qxg7 Nxg3+
29.hxg3 d3 30.Qxh7 Ne7 31.Rab1 Bb7 32.Rfd1 c3 33.Rxd3 c2 34.Rxd5 cxb1=Q+
35.Qxb1 Bxd5 36.g4 Nc6 37.Qg6+ Kd7 38.f4 Ra8 39.f5 Nxe5 40.Qg7+ Kd6 41.f6 Nd7
42.f7 Be4 43.g5 Kd5 44.g6 Nf8 45.Qxf8 Rxf8 46.g7  1-0

[Event "BKL-Turnier"]
[Site "Leipzig"]
[Date "1986.??.??"]
[Round "7"]
[White "Tischbierek, Raj"]
[Black "Casper, Thomas"]
[Result "1/2-1/2"]
[WhiteElo "2465"]
[BlackElo "2430"]

1.e4 e6 2.d4 d5 3.Nc3 Bb4 4.e5 Ne7 5.a3 Bxc3+ 6.bxc3 c5 7.Nf3 b6 8.Bb5+ Bd7
9.Bd3 Ba4 10.h4 Qc7 11.O-O h6 12.Be3 Nd7 13.Ne1 c4 14.Be2 Nf5 15.g3 Nxe3
16.fxe3 O-O 17.Ng2 f6 18.Nf4 fxe5 19.Nxe6 Rxf1+ 20.Bxf1 Qd6 21.Qg4 Qe7 22.Nc7 Nf6
23.Nxd5 Nxd5 24.Bxc4 Bc6 25.e4 Qd6 26.exd5 Bxd5 27.Qe4 Rd8 28.Bxd5+ Qxd5
29.Qxd5+ Rxd5 30.Rd1 Ra5  1/2-1/2

[Event "DSV-Turnier"]
[Site "Leipzig"]
[Date "1986.??.??"]
[Round "10"]
[White "Suetin, Alexey S"]
[Black "Casper, Thomas"]
[Result "1/2-1/2"]
[WhiteElo "2400"]
[BlackElo "2430"]

1.e4 e6 2.d4 d5 3.Nc3 Bb4 4.e5 Ne7 5.a3 Bxc3+ 6.bxc3 c5 7.Nf3 b6 8.Bb5+ Bd7
9.Bd3 Ba4 10.h4 Qc7 11.Kf1 h6 12.h5 Nd7 13.Rh4 cxd4 14.cxd4 Rc8 15.Ra2 Bb3
16.cxb3 Qxc1 17.Qxc1 Rxc1+ 18.Ke2 O-O 19.Kd2 Rc7 20.Rc2 Rxc2+ 21.Bxc2 f6
22.exf6 Nxf6 23.Ne5 Rc8 24.f3 Nc6 25.Nxc6 Rxc6 26.Rh1 Kf8 27.g4 Ke7 28.Re1 Kd6
29.Bd3 Rc7 30.Bb5 Rc8 31.b4 Rc7 32.a4 a5 33.Bd3 Nd7 34.bxa5 bxa5 35.Rb1 e5
36.Bf5 exd4 37.Bxd7 Rxd7 38.f4 Rf7 39.f5 Ke5 40.Rb6 Rc7 41.Re6+ Kf4 42.Rg6 Ke4
43.Re6+ Kf4 44.Rg6  1/2-1/2

[Event "DSV-Turnier"]
[Site "Leipzig"]
[Date "1986.??.??"]
[Round "12"]
[White "Tischbierek, Raj"]
[Black "Casper, Thomas"]
[Result "1/2-1/2"]
[WhiteElo "2425"]
[BlackElo "2430"]

1.e4 e6 2.d4 d5 3.Nc3 Bb4 4.e5 Ne7 5.a3 Bxc3+ 6.bxc3 c5 7.Nf3 b6 8.a4 Ba6
9.Bb5+ Bxb5 10.axb5 h6 11.O-O O-O 12.Qe2  1/2-1/2

[Event "DSV-Turnier"]
[Site "Leipzig"]
[Date "1986.??.??"]
[Round "13"]
[White "Hazai, Laszlo"]
[Black "Uhlmann, Wolfgang"]
[Result "1/2-1/2"]
[WhiteElo "2480"]
[BlackElo "2510"]

1.e4 e6 2.d4 d5 3.Nc3 Bb4 4.e5 Ne7 5.a3 Bxc3+ 6.bxc3 c5 7.Qg4 Qc7 8.Bd3 cxd4
9.Ne2 dxc3 10.Qxg7 Rg8 11.Qxh7 Nbc6 12.Bf4 Bd7 13.O-O O-O-O 14.Qxf7 Rdf8
15.Qh7 Rh8 16.Qg7 Rfg8 17.Qf6 Rf8 18.Qg7  1/2-1/2

[Event "GLC Masters"]
[Site "London"]
[Date "1986.??.??"]
[Round "4"]
[White "Levitt, Jonathan"]
[Black "Crawley, Gavin"]
[Result "1/2-1/2"]
[WhiteElo "2395"]
[BlackElo "2335"]

1.e4 e6 2.d4 d5 3.Nc3 Bb4 4.e5 Ne7 5.Qg4 c5 6.dxc5 Nbc6 7.Bd2 O-O 8.O-O-O Ng6
9.f4 f5 10.Qh5 b6 11.Nh3 bxc5 12.Ng5 h6 13.Nxe6 Bxe6 14.Qxg6 Qd7 15.a3 Bxc3
16.Bxc3 Ne7 17.Qg3 Qa4 18.Bd2 Rab8 19.Qc3 Rfc8 20.Qa5 Qd7 21.h4 d4 22.Rh3 Qb7
23.Rb3 Bxb3 24.Ba6 Qd5 25.Bxc8 Bxc2 26.Qxa7 Rxb2 27.Kxb2 Qb3+ 28.Ka1 Nxc8
29.Qxc5 Nb6 30.Rc1 Nc4 31.Qb4 Nxd2 32.Qxb3+ Nxb3+ 33.Kb2 Nxc1 34.Kxc2 Ne2
35.a4 Nxf4 36.a5 Nd5 37.Kd3 Nb4+ 38.Kxd4 Nc6+ 39.Kd5 Nxa5 40.Ke6 Nc6 41.Kxf5 Ne7+
42.Ke6 Kf8 43.Kd7 Kf7 44.g4 Ng6 45.e6+ Kf8 46.Kd8 Ne7 47.g5 Nf5 48.Kd7 Ne7
49.Kd8 Nc6+ 50.Kd7 hxg5 51.hxg5  1/2-1/2

[Event "GLC Masters"]
[Site "London"]
[Date "1986.??.??"]
[Round "9"]
[White "Crawley, Gavin"]
[Black "Arkell, Keith C"]
[Result "1/2-1/2"]
[WhiteElo "2335"]
[BlackElo "2375"]

1.e4 e6 2.d4 d5 3.Nc3 Bb4 4.e5 Ne7 5.a3 Bxc3+ 6.bxc3 c5 7.Nf3 Qa5 8.Qd2 cxd4
9.cxd4 Qxd2+ 10.Kxd2 Nbc6 11.Bd3 Bd7 12.h4 Na5 13.h5 h6 14.Rh4 Rc8 15.Rg4 Kf8
16.a4 Nc4+ 17.Ke2 Nc6 18.Bxc4 dxc4 19.Nd2 Kg8 20.Nxc4 Nb4 21.Nd6 Rxc2+ 22.Bd2 Nd5
23.Ra3 Kh7 24.Rag3 Rg8 25.Nxf7 Be8 26.Nxh6 Rxd2+ 27.Kxd2 Kxh6 28.f4 Bxh5
29.Rh3 g5 30.g3 Ne7 31.Kd3 Nf5 32.Rh2 Rg6 33.a5 gxf4 34.Rxg6+ Kxg6 35.gxf4 Bf3
36.Rh8 a6 37.Rf8 Bd5 38.Kc3 Kg7 39.Rd8 Kf7 40.Rd7+ Kg6 41.Rd8 Kf7 42.Rd7+ Ke8
43.Rh7 Kd8 44.Rf7 Ke8 45.Rh7 Be4 46.Rh8+ Kd7 47.Kc4 Ng3 48.Kc5 Ne2 49.f5 Bxf5
50.d5 exd5 51.Kxd5 Nf4+ 52.Kc5 Nd3+ 53.Kb6 Be4 54.Rh4 Bf5 55.Kxb7 Nxe5 56.Rd4+  1/2-1/2

[Event "DDR-ch 35th"]
[Site "Nordhausen"]
[Date "1986.??.??"]
[Round "?"]
[White "Goldberg, Alexander"]
[Black "Uhlmann, Wolfgang"]
[Result "0-1"]
[WhiteElo "2325"]
[BlackElo "2505"]

1.e4 e6 2.d4 d5 3.Nc3 Bb4 4.e5 Ne7 5.a3 Bxc3+ 6.bxc3 c5 7.Nf3 Bd7 8.a4 Qa5
9.Bd2 Nbc6 10.Be2 f6 11.Rb1 Qc7 12.Bf4 cxd4 13.cxd4 Ng6 14.Bg3 fxe5 15.O-O O-O
16.Bb5 Rac8 17.c3 Be8 18.Ng5 Qe7 19.Qg4 Rf5 20.h4 h6 21.Nh3 e4 22.c4 h5 23.Qd1 Nxh4
24.Nf4 Ng6 25.cxd5 exd5 26.Bxc6 Rxc6 27.Nxg6 Rxg6  0-1

[Event "Philadelphia op"]
[Site "Philadelphia"]
[Date "1986.??.??"]
[Round "?"]
[White "Cooper, John Grantley"]
[Black "Bonin, Jay R"]
[Result "1-0"]
[WhiteElo "2395"]
[BlackElo "2385"]

1.e4 e6 2.d4 d5 3.Nc3 Bb4 4.e5 Ne7 5.a3 Bxc3+ 6.bxc3 b6 7.Qg4 Ng6 8.h4 h5
9.Qd1 Ba6 10.Bxa6 Nxa6 11.Qd3 Nb8 12.Bg5 Qd7 13.a4 Nc6 14.Ne2 Na5 15.O-O Nc4
16.Ng3 Ne7 17.Qe2 g6 18.Bf6 Rg8 19.Ne4 dxe4 20.Qxc4 Qc6 21.Qe2 Nd5 22.Qxe4 Kd7
23.Bg5 Nxc3 24.Qd3 Rae8 25.Ra3 Nxa4 26.d5 exd5 27.Rxa4 Qxa4 28.Qxd5+ Kc8
29.Qa8+  1-0

[Event "POL-chT"]
[Site "Porabka"]
[Date "1986.??.??"]
[Round "?"]
[White "Szopka, Dariusz"]
[Black "Kawczynski, Leslaw"]
[Result "1/2-1/2"]
[WhiteElo "2220"]
[BlackElo "2260"]

1.e4 e6 2.d4 d5 3.Nc3 Bb4 4.e5 Ne7 5.a3 Bxc3+ 6.bxc3 c5 7.Qg4 O-O 8.Nf3 Nbc6
9.Bd3 f5 10.exf6 Rxf6 11.Bg5 Rf7 12.Qh3 h6 13.Bg6 Rf8 14.Ne5 Nxe5 15.dxe5 Qc7
16.Bxe7 Qxe7 17.Qg3 Bd7 18.O-O Be8 19.f4 Bxg6 20.Qxg6 Rae8 21.Rab1 c4 22.Rf3 Qc5+
23.Kh1 Qxa3 24.Rh3 Kh8 25.Rxh6+ gxh6 26.Qxh6+  1/2-1/2

[Event "Poznan"]
[Site "Poznan"]
[Date "1986.??.??"]
[Round "6"]
[White "Blatny, Pavel"]
[Black "Schmidt, Wlodzimierz"]
[Result "1/2-1/2"]
[WhiteElo "2415"]
[BlackElo "2450"]

1.e4 e6 2.d4 d5 3.Nc3 Bb4 4.e5 Ne7 5.a3 Bxc3+ 6.bxc3 c5 7.Qg4 O-O 8.Nf3 Nbc6
9.Bd3 f5 10.exf6 Rxf6 11.Bg5 Rf7 12.Qh4 h6 13.Bxe7 Qxe7 14.Ne5 cxd4 15.Nxc6 bxc6
16.cxd4  1/2-1/2

[Event "URS-ch sf"]
[Site "Sevastopol"]
[Date "1986.??.??"]
[Round "?"]
[White "Aseev, Konstantin N"]
[Black "Huzman, Alexander"]
[Result "1/2-1/2"]
[WhiteElo "2440"]
[BlackElo "2390"]

1.e4 e6 2.d4 d5 3.Nc3 Bb4 4.e5 b6 5.Qg4 Bf8 6.Bg5 Qd7 7.O-O-O Nc6 8.Kb1 Bb7
9.Nge2 h6 10.Qh3 Nge7 11.g4 Na5 12.Bc1 c5 13.f4 Nec6 14.dxc5 bxc5 15.Bg2 O-O-O
16.b3 Be7 17.Bb2 Qc7 18.Qg3 Qb6 19.Na4 Qc7 20.Nac3 Qb6 21.Na4 Qc7 22.Nac3 Qb6  1/2-1/2

[Event "BCF-ch"]
[Site "Southampton"]
[Date "1986.??.??"]
[Round "2"]
[White "Chandler, Murray G"]
[Black "Botterill, George Steven"]
[Result "1-0"]
[WhiteElo "2565"]
[BlackElo "2395"]

1.e4 e6 2.d4 d5 3.Nc3 Bb4 4.e5 Ne7 5.Nf3 b6 6.Bd2 Bxc3 7.Bxc3 Ba6 8.Bxa6 Nxa6
9.Qe2 Nb8 10.Bb4 Nd7 11.Ba3 c5 12.O-O O-O 13.Rac1 a6 14.c4 dxc4 15.dxc5 b5
16.Rfd1 Nc6 17.Rd6 Qc7 18.Rcd1 Rfd8 19.Qe4 Nf8 20.Nd4 Ne7 21.c6 Nd5 22.Rxd8 Rxd8
23.Bd6 Qb6 24.h4 Ng6 25.g3 Nge7 26.c7 Re8 27.Nf3 h6 28.Bxe7 Nxe7 29.Rd7 Nd5
30.Nd4 Nxc7 31.Rd6 Qb8 32.Qc6 Qc8 33.a4 Nd5 34.axb5 axb5 35.Nxb5 Qxc6 36.Rxc6 Rb8
37.Nd6 Rxb2 38.Rc8+ Kh7 39.Rxc4 Kg6 40.Rg4+ Kh7 41.Nxf7 Rb1+ 42.Kg2 Rb2 43.Re4 Kg6
44.Nd6 h5 45.Kf1 Rb1+ 46.Re1 Rb2 47.Re2 Rb1+ 48.Kg2 Rc1 49.Rb2 Re1 50.f4 Ra1
51.Rb8 Ra2+ 52.Kf3 Ra3+ 53.Ke4 Nc3+ 54.Kd3 Nd5+ 55.Kd4 Ne7 56.Re8 Nf5+ 57.Kc5 Nxg3
58.Rxe6+ Kh7 59.Re7 Rc3+ 60.Kd5 Rd3+ 61.Kc4 Rf3 62.Rf7 Kg6 63.f5+ Nxf5 64.Rxf5 Rxf5
65.Nxf5 Kxf5 66.Kd5 g6 67.e6 Kf6 68.Kd6  1-0

[Event "BCF-ch"]
[Site "Southampton"]
[Date "1986.??.??"]
[Round "2"]
[White "Townsend, M Paul"]
[Black "Rahman, Ziaur"]
[Result "1/2-1/2"]
[WhiteElo "2220"]
[BlackElo "2305"]

1.e4 e6 2.d4 d5 3.Nc3 Bb4 4.e5 Ne7 5.a3 Bxc3+ 6.bxc3 c5 7.Nf3 Nbc6 8.Be2 Bd7
9.a4 Qa5 10.Bd2 Qc7 11.O-O h6 12.Re1 Na5 13.Qb1 Rc8 14.dxc5 Qxc5 15.Nd4 a6
16.Bd3 Nec6 17.Nb3 Qe7 18.Bc1 Nxb3 19.cxb3 Qc5 20.Bd2 a5 21.Qd1 d4 22.cxd4 Qxd4
23.Qe2 Nb4 24.Bxb4 Qxb4 25.Qe4 Qxe4 26.Bxe4 Bc6 27.Rac1 Ke7 28.Bxc6 Rxc6
29.Rxc6 bxc6 30.Kf1 Rb8 31.Re3 Rb4 32.Rc3 Kd7 33.Rf3 Ke7 34.Rc3 Kd7 35.Rf3  1/2-1/2

[Event "BCF-ch"]
[Site "Southampton"]
[Date "1986.??.??"]
[Round "3"]
[White "Arkell, Keith C"]
[Black "Walker, David"]
[Result "1/2-1/2"]
[WhiteElo "2350"]
[BlackElo "2255"]

1.e4 e6 2.d4 d5 3.Nc3 Bb4 4.e5 Ne7 5.Qg4 c5 6.Nf3 Nbc6 7.a3 Bxc3+ 8.bxc3 O-O
9.Bd3 f5 10.exf6 Rxf6 11.Bg5 Rf7 12.Qh4 h6 13.O-O c4 14.Bxe7 Rxe7 15.Bg6 Bd7
16.Rfe1 Be8 17.Bxe8 Rxe8 18.Qg4 Qd6 19.Re3 Re7 20.h4 Rae8 21.Ne5 Nxe5 22.Rxe5 Rf8
23.a4 Qb6 24.Rae1 Ref7 25.Rxe6 Qb2 26.Re8 Qxc2 27.Rxf8+ Rxf8 28.Qg3 Rf7 29.a5 b5
30.axb6 axb6 31.Re8+ Kh7 32.Rb8 Rf6 33.Rb7 Rg6 34.Qf3 Qd3 35.Qxd5 Qxc3 36.Qe4 Qd3
37.Qe8 Qd1+ 38.Kh2 Qg4 39.g3 Qxd4 40.Rf7 Rf6 41.Rxf6 Qxf6 42.Qe4+ Kh8 43.Qa8+ Kh7
44.Qe4+ Qg6 45.Qxc4 Qb1 46.f4 b5 47.Qe6 b4 48.f5 Qb2+ 49.Kh3 Qf6 50.Qd5 Qb6
51.Qe4 Kh8  1/2-1/2

[Event "BCF-ch"]
[Site "Southampton"]
[Date "1986.??.??"]
[Round "6"]
[White "Watts, David"]
[Black "Bowden, Karl"]
[Result "1-0"]
[WhiteElo "2210"]
[BlackElo "2340"]

1.e4 e6 2.d4 d5 3.Nc3 Bb4 4.e5 b6 5.a3 Bxc3+ 6.bxc3 Qd7 7.Qg4 f5 8.Qg3 Ba6
9.Bxa6 Nxa6 10.Ne2 Nb8 11.Nf4 Nc6 12.Nxe6 Qxe6 13.Qxg7 O-O-O 14.Qxh8 Qg6
15.O-O Rd7 16.Re1 Rg7 17.g3 Kb7 18.h4 f4 19.Bxf4 h5 20.e6 Rh7 21.e7 Ngxe7
22.Qf8 Rg7 23.Re6 Qg4 24.Rae1 Rg8 25.Qf7 Rg7 26.Qf8 Nf5 27.Bg5 Rxg5 28.hxg5 h4
29.Rxc6 hxg3 30.f3 Qxg5 31.Qe8 Qh4 32.Re2 Qf4 33.Rf6 Qc1+ 34.Re1 Qg5 35.Rxf5 Qxf5
36.Qe6 Qh5 37.Qe2 Qh4 38.Qg2 a5 39.Rf1 Qg5 40.Re1  1-0

[Event "BCF-ch"]
[Site "Southampton"]
[Date "1986.??.??"]
[Round "7"]
[White "Pritchett, Craig William"]
[Black "Arkell, Keith C"]
[Result "1-0"]
[WhiteElo "2400"]
[BlackElo "2350"]

1.e4 e6 2.d4 d5 3.Nc3 Bb4 4.e5 Qd7 5.a3 Bf8 6.h4 b6 7.h5 Bb7 8.Nf3 Ne7 9.h6 Nbc6
10.hxg7 Bxg7 11.Bh6 Bxh6 12.Rxh6 Nf5 13.Rh5 O-O-O 14.g4 Ng7 15.Rh6 Rdg8 16.Qd2 Ne8
17.Qf4 Ne7 18.O-O-O Rg7 19.Bd3 Ng6 20.Qh2 c5 21.Rh1 Nf8 22.Bb5 Qe7 23.Qf4 a6
24.Be2 Rhg8 25.g5 cxd4 26.Qxd4 Qc5 27.Rd1 Nd7 28.Qh4 Rh8 29.Qd4 Rg6 30.Rh3 Ng7
31.Ne4 dxe4 32.Qxd7+ Kb8 33.Nd4 Qc7 34.Qxc7+ Kxc7 35.Rc3+ Kb8 36.Nc6+ Ka8
37.Nd8 Bd5 38.Rc8+ Ka7 39.c4 Rxd8 40.Rxd8 Bc6 41.Rf8 b5 42.Rxf7+ Kb6 43.b4 bxc4
44.Bxc4 Bd5 45.Bxd5 exd5 46.Rf6+  1-0